Sagesse et illusions de la philosophie /

Shranjeno v:
Bibliografske podrobnosti
Glavni avtor: Piaget, Jean (autor)
Format: Knjiga
Jezik:francoščina
Izdano: París, Francia : Presses Universitaires de France, 1965, c1965
Serija:(A la Pensée)
Teme:
Oznake: Označite
Brez oznak, prvi označite!

MARC

LEADER 00000nam^a2200000^a^4500
001 000186737
005 20250521000000.0
009 20260310102236.814
037 |a Acervo ITESO - Biblioteca 
041 |a FRA 
082 |a 121.  |b PIA 
100 |a Piaget, Jean  |e (autor) 
240 1 1 |a [Sabiduría e ilusiones de la filosofía] 
245 1 0 |a Sagesse et illusions de la philosophie /  |c J. Piaget. 
264 4 |a París, Francia :  |b Presses Universitaires de France,  |c 1965, c1965 
300 |a 286 p. 
336 |a texto  |b txt  |2 rdacontenido 
337 |a sin mediación  |b n  |2 rdamedio 
338 |a volumen  |b nc  |2 rdasoporte 
440 1 |a (A la Pensée) 
649 |a XX 
650 |a Verdad 
650 |a Conocimiento 
650 |a Epistemología 
650 |a Psicología -  |x Filosofía 
650 |a Filosofía -  |x Historia y Crítica 
910 |a Fondo Armando Suárez Gómez 
920 |a Impresos - Libros 
930 |a Fondos Especiales 
905 |a 111 
901 |a 0700001230  |b IT2  |c ESP  |u 20250521 
902 |a https://opac.biblio.iteso.mx/vufind/Record/000186737